| 000 | 00463nam a2200157 a 4500 | ||
|---|---|---|---|
| 001 | 000032231 | ||
| 005 | 20200930063536.0 | ||
| 008 | 110713s1955 dr c 000 0 spa d | ||
| 040 |
_aDO-SdBNP _bspa _cBNPHU |
||
| 082 |
_axxxx _bM828b |
||
| 100 | 1 |
_aMorales, G. Alfredo _925448 |
|
| 245 | 1 | 0 |
_aBreviario crítico / _cG. Alfredo Morales. |
| 260 |
_aCiudad Trujillo, República Dominicana : _bMontalvo, _c1955. |
||
| 300 |
_a474 p. : _bretr. ; _c20 cm. |
||
| 049 | _aBNMA | ||
| 999 |
_c31722 _d31722 |
||